000 02073cam a22005054i 4500
003 PE-LiUPU
005 20250731172830.0
008 150720s2011 pe a r 000 0 spa d
020 _a9786120007495
035 _a(Sirsi) i9786120007495
040 _aPE-LiUPU
_bspa
_cPE-LiUPU
_erda
049 _aPRUA
082 0 4 _a234.4
_bN95 2011
100 1 _aNúñez, Emil,
_eautor.
245 1 3 _aLa purificación :
_bcómo purificarse /
_cEmil Núñez.
250 _aSegunda edición.
264 1 _aLima :
_bBuena Dicha,
_c2011.
300 _a261 páginas :
_bilustraciones ;
_c20 centímetros
336 _atext
_2rdacontent
337 _aunmediated
_2rdamedia
338 _avolume
_2rdacarrier
505 0 _aLa Apostasía -- Las fiestas solemnes -- Las siete columnas -- Porqué la verdad es Cristo -- La parábola del sembrador -- El día de la aflicción -- Cómo purificarse -- El mensaje del primer ángel -- El mensaje del segundo ángel.
526 _aSEG42
526 _aSEG41
526 _aSEG40
526 _aSEG39
526 _aP94
526 _aP87
526 _aP86
526 _aP85
526 _aP77
526 _aP76
526 _aP35
650 1 4 _aPurificación.
910 _agl
_b
_cng
_d20140526
942 _2ddc
_cBOOK
949 _a234.4 N95
_wDEWEY
_c1
_i69840
_lCCODEBUL1
_mBUL
_r0
_sY
_tBOOK
_u2015-7-30
_xTEOLOGIA
_0COMPRA
_o.STAFF. Colección General
949 _a234.4 N95
_wDEWEY
_c2
_i69841
_lCCODEBUL1
_mBUL
_r0
_sY
_tBOOK
_u2015-7-30
_xTEOLOGIA
_0COMPRA
_o.STAFF. Colección General
994 _aC0
_bPEPRU
596 _a1
999 _a234.4 N95
_wDEWEY
_c6182
_i69840
_d6182
_e2019-5-27
_f2021-11-10
_g5
_lCCODEBUL1
_mBUL
_n2
_q1
_r0
_sY
_tBOOK
_u2015-7-30
_xTEOLOGIA
_PP35
_0COMPRA
_o.STAFF. Colección General
999 _a234.4 N95
_wDEWEY
_c2
_i69841
_f2021-11-10
_g5
_lCCODEBUL1
_mBUL
_r0
_sY
_tBOOK
_u2015-7-30
_xTEOLOGIA
_PP35
_0COMPRA
_o.STAFF. Colección General
980 _81
_gALBERTO SANCHEZ Responsable de Automatización